Statistics for Greatest Montréal Canadiens' Players of All Time

Click here to take the quiz!

General Stats

  • This quiz has been taken 111 times
  • The average score is 20 of 29

Answer Stats

Career with the HabsPositionNickname / NotePlayer% Correct
1955-75CentreThe Pocket RocketHenri Richard
99%
1942-60Right WingThe RocketMaurice "Rocket" Richard
99%
1971-84, 1988-91Right WingLe Démon BlondeGuy Lafleur
94%
1984-95GoaltenderSaint PatrickPatrick Roy
94%
1952-63GoaltenderFirst NHL goalie to wear a mask regularlyJacques Plante
92%
1970-73, 1974-79GoaltenderFour Story GoalieKen Dryden
89%
1950-71CentreLe Gros BillJean Béliveau
88%
1950-64Right WingBoom BoomBernie "Boom Boom" Geoffrion
84%
1963-79Right WingThe RoadrunnerYvan Cournoyer
84%
1972-89DefenceBig BirdLarry Robinson
82%
1966-81DefenceThe SenatorSerge Savard
76%
1974-89Left WingLe CapitaineBob Gainey
73%
1983-90DefenceMost games played by a defenceman everChris Chelios
71%
1970-74Left WingThe Big MFrank Mahovlich
71%
1951-63Left WingDigging DickieDickie Moore
69%
1923-34, 1936-37CentreThe Stratford StreakHowie Morenz
68%
1968-82DefencePointuGuy Lapointe
66%
1910-26GoaltenderLed the Canadiens to their first Stanley CupGeorges Vézina
65%
1947-61DefenceRegarded as one of the greatest defencemen everDoug Harvey
62%
1935-48Left WingLeft wing on the "Punch Line"Toe Blake
61%
1940-54CentreCentre on the "Punch Line"Elmer Lach
58%
1967-79CentreSecond most playoff points in franchise historyJacques Lemaire
55%
1917-19, 1922-24CentrePhantom JoeJoe Malone
54%
1941-56DefenceKnown for his leadership and mentorship of younger playersButch Bouchard
51%
1926-33, 1926-37GoaltenderHolds record for most shut-outs in a seasonGeorge Hainsworth
51%
1943-50GoaltenderLast goalie to serve as captain in the NHLBill Durnan
45%
1909-22CentreThe original "Flying Frenchman"Newsy Lalonde
45%
1922-38Left WingThe Little GiantAuréle Joliat
44%
1955-70Right WingDefensive forward who could shut down Bobby Hull without foulingClaude Provost
26%

Score Distribution

Percentile by Number Answered

Percent of People with Each Score

Your Score History

You have not taken this quiz